Gymnastique 2023 : De quel pays est originaire le champion du monde ? - Statistiques

Statistiques générales
  • Ce quiz a été pris 74 fois
  • Le résultat moyen est 7 sur 66
Statistiques - réponses
Hint Réponse % Correct
Gymnastique artistique Concours général par équipes F Etats-Unis
79%
Gymnastique artistique Concours général Individuel F Etats-Unis
69%
Gymnastique artistique Concours général individuel H Japon
64%
Gymnastique artistique Poutre individuel F Etats-Unis
62%
Gymnastique artistique Concours général par équipes H Japon
62%
Gymnastique artistique Sol individuel F Etats-Unis
61%
Gymnastique artistique Barres asymétriques individuel F Chine
52%
Gymnastique artistique Saut individuel F Brésil
51%
Gymnastique artistique Anneaux individuel H Chine
43%
Gymnastique artistique Barre fixe individuel H Japon
41%
Gymnastique artistique Saut individuel H Royaume-Uni
33%
Gymnastique artistique Cheval d'arçon individuel H Irlande
30%
Gymnastique artistique Barres parallèles individuel H Allemagne
18%
Gymnastique artistique Sol individuel H Israël
18%
Trampoline Tumbling Individuel F France
8%
Trampoline Trampoline Par équipes H France
5%
Trampoline Concours général Par équipes Mixte Etats-Unis
3%
Trampoline Tumbling Par équipes F Royaume-Uni
3%
Gymnastique rythmique Concours général individuel F Allemagne
2%
Gymnastique rythmique Cerceau individuel F Allemagne
2%
Gymnastique rythmique Ballon individuel F Allemagne
2%
Gymnastique rythmique Massues individuel F Allemagne
2%
Gymnastique rythmique Ruban individuel F Allemagne
2%
Gymnastique rythmique 5 cerceaux en groupe F Chine
2%
Trampoline Trampoline Individuel H Chine
2%
Trampoline Trampoline Par équipes F Chine
2%
Trampoline Double mini trampoline Individuel H Etats-Unis
2%
Trampoline Double mini trampoline Par équipes H Etats-Unis
2%
Gymnastique rythmique Concours général en groupe F Israël
2%
Gymnastique rythmique 3 rubans + 2 ballons en groupe F Israël
2%
Trampoline Trampoline Individuel F Royaume-Uni
2%
Trampoline Trampoline synchronisé Individuel H Allemagne
0%
Trampoline Tumbling Individuel H Azerbaïdjan
0%
Trampoline Tumbling Par équipes H Azerbaïdjan
0%
Gymnastique acrobatique Combiné Par équipes Mixte Belgique
0%
Gymnastique acrobatique Combiné Duo Mixte Belgique
0%
Gymnastique acrobatique Combiné Groupe F Belgique
0%
Gymnastique acrobatique Statique Duo Mixte Belgique
0%
Gymnastique acrobatique Statique Groupe H Belgique
0%
Gymnastique acrobatique Dynamique Duo Mixte Belgique
0%
Gymnastique acrobatique Dynamique Groupe F Belgique
0%
Gymnastique rythmique Concours général par équipes F Bulgarie
0%
Gymnastique aérobic Individuel H Corée-du-Sud
0%
Gymnastique aérobic Groupes Step F Corée-du-Sud
0%
Gymnastique aérobic Groupes Danse Mixte Corée-du-Sud
0%
Trampoline Double mini trampoline Individuel F Espagne
0%
Trampoline Trampoline synchronisé Individuel F Etats-Unis
0%
Gymnastique acrobatique Combiné Duo H Etats-Unis
0%
Gymnastique acrobatique Statique Groupe F Etats-Unis
0%
Gymnastique acrobatique Dynamique Duo H Etats-Unis
0%
Parkour Freestyle H Grèce
0%
Gymnastique aérobic Groupes Paire Mixte Hongrie
0%
Gymnastique aérobic Groupes Trios Mixte Hongrie
0%
Gymnastique aérobic Equipes Mixte Hongrie
0%
Gymnastique acrobatique Statique Duo H Kazakhstan
0%
Parkour Freestyle F Mexique
0%
Gymnastique acrobatique Combiné Duo F Portugal
0%
Gymnastique acrobatique Statique Duo F Portugal
0%
Gymnastique acrobatique Dynamique Duo F Portugal
0%
Trampoline Double mini trampoline Par équipes F Royaume-Uni
0%
Gymnastique acrobatique Combiné Groupe H Royaume-Uni
0%
Gymnastique acrobatique Dynamique Groupe H Royaume-Uni
0%
Parkour Speed F Suède
0%
Gymnastique aérobic Individuel F Ukraine
0%
Parkour Speed H Ukraine
0%
Gymnastique aérobic Groupes Groupes Mixte Vietnam
0%
Aucun quiz correspondant
Distribution des résultats
% des personnes avec chaque résultat
Percentile par nombre de réponses
Votre historique - résultats
Vous n’avez pas pris ce quiz